000 00697cam a2200205 4500
001 WB3601-16
008 000000n1999 000 0 eng u
035 _a(Sirsi) u103301
245 _aNorth-South divide grows
260 _c1999
490 _aFinancial Times
_vWeekend 18 December 19999, XV(2)
520 _aTwo reports from Norwich Union and James Morrell, predict a further widening in the next decade of the gap between house prices in the north and the south.
590 _aWB
650 _aNORTH SOUTH DIVIDE
650 _aHOUSE PRICES
650 _aNORWICH UNION
650 0 _aJAMES MORRELL
690 _aPROPERTY-RESIDENTIAL PROPERTY-RESIDENTIAL PROPERTY MARKET
942 _n0
999 _c62080
_d62080